[Event "Junior Online 4NCL Division 5"]
[Site "online"]
[Date "2020.06.04"]
[Round "8.82"]
[White "Gill, Veer"]
[Black "Cann, Arthur"]
[Result "1/2-1/2"]
[WhiteElo "1285"]
[BlackElo "1240"]
[PlyCount "127"]
[EventDate "2020.06.04"]
[WhiteTeam "May the Fork Be With You 2"]
[BlackTeam "Harrow Juniors E"]

1. e4 e5 2. Nf3 f5 3. exf5 Nc6 4. d4 e4 5. Qe2 d5 6. Bg5 Be7 7. Bxe7 Qxe7 8.
Nfd2 Bxf5 9. c3 Nf6 10. g3 O-O 11. Bg2 Bg4 12. f3 exf3 13. Qxe7 Nxe7 14. Nxf3
Ne4 15. O-O Rf7 16. Ne5 Rxf1+ 17. Kxf1 Nf6 18. h3 Bf5 19. g4 Be4 20. Nd2 Bxg2+
21. Kxg2 Ne4 22. Nxe4 dxe4 23. Re1 a5 24. Rxe4 a4 25. Nc4 Nd5 26. Re5 c6 27.
Kg3 b5 28. Na3 b4 29. cxb4 Nxb4 30. Rc5 Rd8 31. Rc4 Nxa2 32. Rxc6 Rxd4 33. Rc8+
Kf7 34. Rc7+ Kg8 35. Rb7 h6 36. Rb8+ Kf7 37. Kh4 g5+ 38. Kh5 Kg7 39. Rb7+ Kf6
40. Rb6+ Kg7 41. Rg6+ Kf7 42. Kxh6 Rd3 43. Rxg5 Rxh3+ 44. Rh5 Rg3 45. g5 Nc1
46. Rh1 Nd3 47. Rf1+ Kg8 48. Nc4 Nc5 49. Kg6 Ne6 50. Rf6 Nxg5 51. Kh5 Ne4 52.
Rg6+ Rxg6 53. Kxg6 Nc5 54. Kf5 Nd3 55. Ke4 Nc1 56. Kd4 Kf7 57. Kc3 Na2+ 58. Kc2
Ke6 59. Kb1 Nb4 60. Kc1 Nd3+ 61. Kc2 Nxb2 62. Kxb2 Kd5 63. Ka3 Kxc4 64. Kxa4
1/2-1/2

[Event "Junior Online 4NCL Division 5"]
[Site "online"]
[Date "2020.06.04"]
[Round "8.83"]
[White "Pipalia, Rishi"]
[Black "Lyons, Joseph"]
[Result "0-1"]
[WhiteElo "1105"]
[BlackElo "1277"]
[PlyCount "50"]
[EventDate "2020.06.04"]
[WhiteTeam "Harrow Juniors E"]
[BlackTeam "May the Fork Be With You 2"]

1. e4 e5 2. Nf3 Nc6 3. Bc4 Be7 4. Nc3 Nf6 5. Ng5 d5 6. exd5 Nxd5 7. Nxd5 Bxg5
8. Nc3 O-O 9. Bd3 Qf6 10. Qh5 g6 11. Qd1 Nd4 12. Nd5 Qc6 13. Be4 Qc5 14. b4
Nxc2+ 15. Qxc2 Qd6 16. Qxc7 Qe6 17. Qc2 Qa6 18. Nc7 Qd6 19. Nxa8 Qd4 20. Bb2
Qxb4 21. Bxe5 Qb5 22. Bg3 Re8 23. Kd1 Qb4 24. Bf3 Rd8 25. a3 Rxd2+ 0-1

[Event "Junior Online 4NCL Division 5"]
[Site "online"]
[Date "2020.06.04"]
[Round "8.84"]
[White "Joshi, Aarav"]
[Black "Evans, Joseph"]
[Result "1/2-1/2"]
[WhiteElo "1150"]
[BlackElo "1007"]
[PlyCount "92"]
[EventDate "2020.06.04"]
[WhiteTeam "May the Fork Be With You 2"]
[BlackTeam "Harrow Juniors E"]

1. e4 c5 2. Nc3 Nc6 3. f4 g6 4. Nf3 Bg7 5. Bb5 e6 6. Bxc6 bxc6 7. O-O Ne7 8. d3
O-O 9. Qe1 Qb6 10. Kh1 d5 11. e5 Ba6 12. b3 d4 13. Ne4 c4 14. bxc4 Rab8 15. Ba3
Rfe8 16. Bd6 Rb7 17. Rb1 Qxb1 18. Qxb1 Rxb1 19. Rxb1 Nf5 20. g4 Ne3 21. Nxd4
Nxg4 22. Nxc6 f6 23. exf6 Nxf6 24. Nxf6+ Bxf6 25. c5 Rc8 26. Nxa7 Re8 27. Rb6
Bc8 28. c6 Bd4 29. Rb8 Bxa7 30. Rb4 Rd8 31. Be5 h6 32. Kg2 g5 33. fxg5 hxg5 34.
Bf6 Rf8 35. Bxg5 Rf2+ 36. Kg3 Rxc2 37. Rc4 Rxa2 38. Kf3 Rxh2 39. Ra4 Rh5 40.
Rxa7 Rxg5 41. Ra8 Rf5+ 42. Ke4 Rf8 43. d4 Re8 44. Ke5 Kf8 45. Kd6 Kf7 46. Ra7+
Kf8 1/2-1/2

[Event "Junior Online 4NCL Division 5"]
[Site "online"]
[Date "2020.06.04"]
[Round "8.85"]
[White "Valanju, Samit"]
[Black "Rajesh, Shradha"]
[Result "1-0"]
[WhiteElo "1367"]
[BlackElo "1240"]
[PlyCount "49"]
[EventDate "2020.06.04"]
[WhiteTeam "May the Fork Be With You 2"]
[BlackTeam "Harrow Juniors E"]

1. e4 c5 2. Nf3 Nc6 3. d4 cxd4 4. Nxd4 Nf6 5. Nc3 e5 6. Nf3 Bb4 7. Bd2 d6 8.
Be2 Be6 9. O-O d5 10. exd5 Bxc3 11. Bxc3 Bxd5 12. Nxe5 Nxe5 13. Bxe5 O-O 14.
Bxf6 Qxf6 15. Qxd5 Qxb2 16. Rab1 Qxc2 17. Rfe1 b6 18. Bd3 Qa4 19. Qf5 g6 20.
Qf6 Rad8 21. Be4 Qxa2 22. Re3 Rfe8 23. Rbe1 Rd2 24. Bd5 Rxf2 25. Rxe8# 1-0

[Event "Junior Online 4NCL Division 5"]
[Site "online"]
[Date "2020.06.04"]
[Round "8.86"]
[White "Cann, Arthur"]
[Black "Gill, Veer"]
[Result "0-1"]
[WhiteElo "1240"]
[BlackElo "1285"]
[PlyCount "86"]
[EventDate "2020.06.04"]
[WhiteTeam "Harrow Juniors E"]
[BlackTeam "May the Fork Be With You 2"]

1. d4 d5 2. c4 c6 3. c5 Nf6 4. Nc3 Bf5 5. e3 Nbd7 6. Bd3 Bg4 7. Nf3 b6 8. e4
bxc5 9. dxc5 Nxc5 10. e5 Nfe4 11. Nxe4 dxe4 12. Bxe4 Qxd1+ 13. Kxd1 Nxe4 14. h3
Nxf2+ 15. Ke2 Nxh1 16. hxg4 Ng3+ 17. Kf2 Ne4+ 18. Ke2 O-O-O 19. b3 Nc3+ 20. Ke3
e6 21. Bd2 Bc5+ 22. Kf4 Nd5+ 23. Kg3 f6 24. Ba5 Rd7 25. Rc1 Be7 26. Rxc6+ Kb7
27. Rxe6 fxe5 28. Rxe5 Ka6 29. Bc3 Nxc3 30. Re6+ Kb5 31. Ne5 Bd6 32. Kf4 Rf8+
33. Ke3 Nd5+ 34. Kd4 Bxe5+ 35. Rxe5 Rf4+ 36. Kd3 Kc5 37. g5 Kd6 38. Re2 Kc7 39.
Rc2+ Kd8 40. a4 Nb4+ 41. Kc3 Rc7+ 42. Kb2 Rxc2+ 43. Ka3 Ra2# 0-1

[Event "Junior Online 4NCL Division 5"]
[Site "online"]
[Date "2020.06.04"]
[Round "8.87"]
[White "Lyons, Joseph"]
[Black "Pipalia, Rishi"]
[Result "1-0"]
[WhiteElo "1277"]
[BlackElo "1105"]
[PlyCount "75"]
[EventDate "2020.06.04"]
[WhiteTeam "May the Fork Be With You 2"]
[BlackTeam "Harrow Juniors E"]

1. e4 e5 2. Nf3 Nc6 3. Bb5 Nd4 4. Nxd4 exd4 5. d3 c6 6. Bc4 d5 7. exd5 cxd5 8.
Bb5+ Bd7 9. Qe2+ Be7 10. Bxd7+ Qxd7 11. O-O Nf6 12. Bg5 O-O 13. Bxf6 Bxf6 14.
h3 Bd8 15. Qe5 Bc7 16. Qxd4 Qd6 17. g3 Rae8 18. Nd2 b6 19. c4 dxc4 20. Qxd6
Bxd6 21. Nxc4 Bc7 22. Rac1 Rc8 23. Rfe1 Rfe8 24. Re3 Rxe3 25. Nxe3 Kf8 26. Nd5
Ke8 27. Rxc7 Rxc7 28. Nxc7+ Kd7 29. Nb5 a6 30. Nc3 Kd6 31. Kf1 f5 32. Ke2 g5
33. Ke3 Ke5 34. d4+ Kf6 35. f4 gxf4+ 36. Kxf4 h5 37. Nd5+ Ke6 38. Nxb6 1-0

[Event "Junior Online 4NCL Division 5"]
[Site "online"]
[Date "2020.06.04"]
[Round "8.88"]
[White "Evans, Joseph"]
[Black "Joshi, Aarav"]
[Result "0-1"]
[WhiteElo "1007"]
[BlackElo "1150"]
[PlyCount "58"]
[EventDate "2020.06.04"]
[WhiteTeam "Harrow Juniors E"]
[BlackTeam "May the Fork Be With You 2"]

1. c4 Nf6 2. g3 e6 3. Bg2 d5 4. cxd5 exd5 5. e3 c6 6. Ne2 Bf5 7. Nbc3 Bd6 8.
Nd4 Bd3 9. Nde2 O-O 10. O-O Nbd7 11. Qb3 Nc5 12. Qb4 a5 13. Qh4 Re8 14. Re1 Re5
15. Nf4 g5 16. Ne6 fxe6 17. Qh6 Bf8 18. Qh3 g4 19. Qh4 Rh5 20. Qxh5 Nxh5 21.
Ne2 Qf6 22. Nf4 Nxf4 23. exf4 Ne4 24. Bxe4 Bxe4 25. Rxe4 dxe4 26. Rb1 Bc5 27.
b3 Qd4 28. Bb2 Qxf2+ 29. Kh1 Qf3# 0-1

[Event "Junior Online 4NCL Division 5"]
[Site "online"]
[Date "2020.06.04"]
[Round "8.91"]
[White "Hurst, Kate"]
[Black "Santhosh, Alwis Joe"]
[Result "1-0"]
[WhiteElo "1427"]
[BlackElo "1217"]
[PlyCount "55"]
[EventDate "2020.06.04"]
[WhiteTeam "Maid Marians 2"]
[BlackTeam "Ojays H"]

1. e4 e5 2. Nf3 Nc6 3. Nc3 Bc5 4. Nxe5 Bxf2+ 5. Kxf2 Nxe5 6. Be2 Qf6+ 7. Ke1
Nc6 8. Rf1 Qh4+ 9. Rf2 Qxh2 10. Bf3 Qd6 11. d3 b6 12. Bh5 Ne5 13. Bf4 Nf6 14.
Be2 Qe7 15. Nb5 Kd8 16. Nd4 c5 17. Nf5 Qf8 18. Bxe5 g6 19. Ne3 Ne8 20. Bxh8
Qxh8 21. Rxf7 Qxb2 22. Qb1 Qc3+ 23. Kd1 Qd4 24. Nc4 Qg1+ 25. Kd2 Qxg2 26. Qf1
Qg5+ 27. Qf4 Qh5 28. Bxh5 1-0

[Event "Junior Online 4NCL Division 5"]
[Site "online"]
[Date "2020.06.04"]
[Round "8.92"]
[White "Wang, Yile"]
[Black "Pannu, Mya"]
[Result "0-1"]
[WhiteElo "1127"]
[BlackElo "1232"]
[PlyCount "124"]
[EventDate "2020.06.04"]
[WhiteTeam "Ojays H"]
[BlackTeam "Maid Marians 2"]

1. e4 e5 2. Nf3 Nc6 3. Bc4 Bc5 4. c3 Nf6 5. d4 exd4 6. e5 Nxe5 7. Nxe5 dxc3 8.
Nxf7 Qe7+ 9. Qe2 d6 10. Nxh8 Bg4 11. f3 Bxf3 12. gxf3 cxb2 13. Bxb2 Bb4+ 14.
Bc3 Bxc3+ 15. Nxc3 Nh5 16. Qxe7+ Kxe7 17. O-O-O Rxh8 18. Nd5+ Kd7 19. Rhg1 c6
20. Ne3 Rf8 21. Rgf1 Nf4 22. Rd4 b5 23. Bb3 Ne2+ 24. Kd1 Nxd4 25. f4 Re8 26.
Kd2 a5 27. f5 a4 28. Be6+ Nxe6 29. fxe6+ Rxe6 30. Rf7+ Re7 31. Rxe7+ Kxe7 32.
Nf5+ Kf6 33. Nxd6 g5 34. Ke3 h5 35. Kf3 g4+ 36. Kg3 Kg5 37. h4+ Kf6 38. Kf4 Ke6
39. Ne4 b4 40. Kg5 b3 41. Nc5+ Kd5 42. Nxb3 g3 43. Nd2 g2 44. Nf3 Ke4 45. Nd2+
Ke3 46. Nc4+ Kf2 47. Kxh5 g1=Q 48. Ne5 Qd1+ 49. Ng4+ Ke2 50. Ne5 Qd5 51. Kg6
Qxe5 52. h5 Qe6+ 53. Kg7 Qg4+ 54. Kf7 Qxh5+ 55. Ke6 c5 56. Kd6 c4 57. Kc6 c3
58. Kd6 c2 59. Kc6 c1=Q+ 60. Kd6 Qch6+ 61. Kd7 Qf7+ 62. Kd8 Qhf8# 0-1

[Event "Junior Online 4NCL Division 5"]
[Site "online"]
[Date "2020.06.04"]
[Round "8.93"]
[White "Hariharan, Shambavi"]
[Black "Rivera Machens, Rafael"]
[Result "1-0"]
[WhiteElo "1060"]
[BlackElo "1067"]
[PlyCount "47"]
[EventDate "2020.06.04"]
[WhiteTeam "Maid Marians 2"]
[BlackTeam "Ojays H"]

1. d4 d5 2. Bf4 Nf6 3. Nf3 Nc6 4. e3 Bf5 5. c3 e6 6. Bd3 Ne4 7. O-O Qf6 8. Ne5
Nxe5 9. dxe5 Qg6 10. Bxe4 Bxe4 11. f3 Bc2 12. Qe2 Bd3 13. Qd1 Bxf1 14. Qxf1 Bc5
15. Qb5+ c6 16. Qxc5 h6 17. Nd2 Qd3 18. Nb3 Qg6 19. Rd1 a6 20. Na5 Rb8 21. Qb4
b6 22. Nxc6 Rc8 23. Qd6 Qc2 24. Qe7# 1-0

[Event "Junior Online 4NCL Division 5"]
[Site "online"]
[Date "2020.06.04"]
[Round "8.94"]
[White "Terrado, Rhianne"]
[Black "Pitts, Hannah"]
[Result "0-1"]
[WhiteElo "1120"]
[BlackElo "1037"]
[PlyCount "98"]
[EventDate "2020.06.04"]
[WhiteTeam "Ojays H"]
[BlackTeam "Maid Marians 2"]

1. e4 e5 2. Nf3 Nc6 3. Bc4 Nf6 4. d3 d6 5. Bg5 Bg4 6. h3 Bxf3 7. Qxf3 Be7 8.
Nc3 Qd7 9. Bxf6 Bxf6 10. Nd5 O-O-O 11. Nxf6 gxf6 12. Qxf6 Nd4 13. Bb3 Rde8 14.
Bxf7 Ref8 15. c3 Nc2+ 16. Kd2 Nxa1 17. Rxa1 Qxf7 18. Qxf7 Rxf7 19. d4 exd4 20.
cxd4 Rxf2+ 21. Ke3 Rxb2 22. e5 Rxg2 23. exd6 cxd6 24. Kf4 Rg6 25. Kf5 Kd7 26.
Rb1 Kc6 27. Rc1+ Kb6 28. d5 Rf8+ 29. Ke4 Re8+ 30. Kf5 Re5+ 31. Kf4 a5 32. Rb1+
Ka6 33. h4 b6 34. Kf3 b5 35. Rc1 a4 36. Rc6+ Ka5 37. Rc7 h6 38. Ra7+ Kb4 39.
Rh7 Rxd5 40. Ke4 Rc5 41. Kd4 Rg4+ 42. Kd3 Rxh4 43. Ke3 Rd5 44. Kf2 Rd3 45. Kg2
Rc4 46. Kf2 Rc2+ 47. Ke1 Rh3 48. Kd1 Rg2 49. Kc1 Rh1# 0-1

[Event "Junior Online 4NCL Division 5"]
[Site "online"]
[Date "2020.06.04"]
[Round "8.95"]
[White "Santhosh, Alwis Joe"]
[Black "Hurst, Kate"]
[Result "0-1"]
[WhiteElo "1217"]
[BlackElo "1427"]
[PlyCount "161"]
[EventDate "2020.06.04"]
[WhiteTeam "Ojays H"]
[BlackTeam "Maid Marians 2"]

1. e4 d5 2. exd5 Qxd5 3. Nc3 Qd6 4. d4 Nf6 5. Nge2 a6 6. Bf4 Qd8 7. g3 Nc6 8.
Bg2 Bd7 9. d5 Nb4 10. a3 Nbxd5 11. Nxd5 Nxd5 12. Bxd5 c6 13. Bg2 Bf5 14. Qc1 e6
15. O-O Bc5 16. Rd1 Qe7 17. b4 Bb6 18. Bd6 Qf6 19. Bf4 O-O 20. Bg5 Qg6 21. Bd2
Bxc2 22. Nf4 Qf5 23. Re1 Bd3 24. Bh3 Qg5 25. Nxd3 Qf6 26. Bc3 Qf3 27. Qc2 Rad8
28. Ne5 Qh5 29. Bg2 Qg5 30. Nf3 Qb5 31. Re5 c5 32. Rg5 g6 33. a4 Qc6 34. Ne5
Qc7 35. bxc5 Bxc5 36. Re1 Qb6 37. Nc4 Qa7 38. Ree5 Bxf2+ 39. Qxf2 Rd1+ 40. Be1
Qxf2+ 41. Kxf2 f6 42. Bf3 Rd4 43. Ne3 fxe5 44. Rxe5 Rxa4 45. Rxe6 Ra2+ 46. Kg1
Rxf3 47. Re8+ Kf7 48. Re4 Ra1 49. Ng2 a5 50. Rd4 a4 51. Rd7+ Ke6 52. Rxh7 b5
53. Rb7 Rf5 54. Nf4+ Kf6 55. Ng2 a3 56. Nf4 a2 57. Kf2 Rb1 58. Bc3+ Kg5 59. h4+
Kg4 60. Rg7 g5 61. Rxg5+ Rxg5 62. hxg5 Kxg5 63. Ne6+ Kf5 64. Nd4+ Ke4 65. Ne2
b4 66. Bd2 a1=Q 67. g4 Qf6+ 68. Kg3 Qd6+ 69. Bf4 Qg6 70. g5 b3 71. Nc3+ Kd4 72.
Nxb1 Qd3+ 73. Kg4 Qg6 74. Nd2 b2 75. Nb3+ Kc3 76. Nd2 Kd3 77. Nb1 Kc2 78. Na3+
Kb3 79. Nb5 b1=Q 80. Nd4+ Kc4 81. Nf3 0-1

[Event "Junior Online 4NCL Division 5"]
[Site "online"]
[Date "2020.06.04"]
[Round "8.96"]
[White "Pannu, Mya"]
[Black "Wang, Yile"]
[Result "0-1"]
[WhiteElo "1232"]
[BlackElo "1127"]
[PlyCount "58"]
[EventDate "2020.06.04"]
[WhiteTeam "Maid Marians 2"]
[BlackTeam "Ojays H"]

1. d4 d5 2. Nf3 Nc6 3. e3 Nf6 4. Bd3 Bg4 5. Nbd2 e6 6. b3 Bd6 7. Bb2 Nb4 8. O-O
Nxd3 9. cxd3 Bf5 10. e4 dxe4 11. dxe4 Nxe4 12. Nxe4 Bxe4 13. Qe2 Bf5 14. d5 Qe7
15. dxe6 Qxe6 16. Qb5+ c6 17. Qxb7 Qc8 18. Rfe1+ Be6 19. Rxe6+ fxe6 20. Qxg7
Rf8 21. Ng5 Qd7 22. Qh6 O-O-O 23. Nxe6 Bxh2+ 24. Kxh2 Qd6+ 25. Kg1 Rfe8 26. Qg7
Rxe6 27. Qxa7 Rde8 28. Ba3 Re1+ 29. Rxe1 Rxe1# 0-1

[Event "Junior Online 4NCL Division 5"]
[Site "online"]
[Date "2020.06.04"]
[Round "8.97"]
[White "Rivera Machens, Rafael"]
[Black "Hariharan, Shambavi"]
[Result "0-1"]
[WhiteElo "1067"]
[BlackElo "1060"]
[PlyCount "92"]
[EventDate "2020.06.04"]
[WhiteTeam "Ojays H"]
[BlackTeam "Maid Marians 2"]

1. e4 c6 2. Nc3 d5 3. e5 Bf5 4. Nf3 e6 5. d4 Bb4 6. a3 Bxc3+ 7. bxc3 Nd7 8. Ng5
h6 9. Nf3 Nb6 10. Rb1 Ne7 11. h3 Ng6 12. Be2 Qc7 13. O-O O-O 14. Be3 Na4 15.
Qd2 f6 16. exf6 Rxf6 17. Bf4 Qxf4 18. Qd1 Nxc3 19. Qe1 Nxb1 20. Qxb1 b5 21. a4
Nh4 22. Kh1 Nxf3 23. Bxf3 Bxh3 24. Qd1 Bf5 25. Kg1 Bh3 26. gxh3 Qxf3 27. Qxf3
Rxf3 28. Re1 Rxh3 29. Rxe6 Rc8 30. Rg6 bxa4 31. Re6 a3 32. Re1 Rc3 33. Ra1 Re8
34. Rxa3 Rxa3 35. Kg2 Ra1 36. Kg3 a5 37. f3 Rd1 38. Kg4 a4 39. f4 a3 40. f5
Rxd4+ 41. Kh5 a2 42. Kg6 a1=Q 43. Kh5 Qh1+ 44. Kg6 Qg2+ 45. Kh5 Re5 46. c3
Rxf5# 0-1

[Event "Junior Online 4NCL Division 5"]
[Site "online"]
[Date "2020.06.04"]
[Round "8.98"]
[White "Pitts, Hannah"]
[Black "Terrado, Rhianne"]
[Result "0-1"]
[WhiteElo "1037"]
[BlackElo "1120"]
[PlyCount "26"]
[EventDate "2020.06.04"]
[WhiteTeam "Maid Marians 2"]
[BlackTeam "Ojays H"]

1. e4 e5 2. Nf3 Nc6 3. Nc3 Nf6 4. Bc4 d6 5. b3 Bg4 6. Nxe5 dxe5 7. f3 Bh5 8. g4
Bg6 9. g5 Nh5 10. f4 Nxf4 11. d3 Qxg5 12. Be3 Ng2+ 13. Kd2 Qxe3# 0-1

[Event "Junior Online 4NCL Division 5"]
[Site "online"]
[Date "2020.06.04"]
[Round "8.101"]
[White "Flinn, David"]
[Black "Antonopoulos, Chris"]
[Result "0-1"]
[WhiteElo "762"]
[BlackElo "1307"]
[PlyCount "170"]
[EventDate "2020.06.04"]
[WhiteTeam "Gonzaga College SJ D"]
[BlackTeam "Brentwood 2"]

1. e4 c6 2. Nf3 d5 3. exd5 cxd5 4. d4 Nf6 5. Nc3 Bf5 6. Be3 e6 7. Bb5+ Nbd7 8.
Ba4 Be7 9. O-O O-O 10. a3 Ng4 11. h3 Nxe3 12. fxe3 Qc7 13. Bxd7 Qxd7 14. Ne5
Qc7 15. Qe2 Bd6 16. Nd3 Rfe8 17. Nb5 Qb6 18. Nxd6 Qxd6 19. Ne5 Rac8 20. c3 f6
21. Nf3 Be4 22. Rae1 a6 23. Nd2 Bf5 24. e4 Bg6 25. exd5 exd5 26. Qg4 f5 27. Qf3
Qb6 28. b4 a5 29. Qxd5+ Bf7 30. Qxa5 Qxa5 31. bxa5 Rxc3 32. Rxe8+ Bxe8 33. Rxf5
Rxa3 34. Nc4 Ra1+ 35. Kh2 Bg6 36. Rb5 Bd3 37. Rc5 Rc1 38. Nd6 Rxc5 39. dxc5 Ba6
40. Kg3 Kf8 41. Kf4 Ke7 42. Ke5 Kd7 43. Nf5 g6 44. Nd6 Kc6 45. Kd4 Bf1 46. h4
Bxg2 47. Nc4 h6 48. Ne3 Bh3 49. Nd5 Be6 50. Nf6 Kb5 51. Ng8 Bxg8 52. Ke5 Kxc5
53. Kf6 Kb5 54. Kxg6 Kxa5 55. Kxh6 b5 56. Kg7 Ba2 57. h5 Bd5 58. h6 Be4 59. Kf6
b4 60. Ke5 Bc2 61. Kd4 Bh7 62. Kc4 Ka4 63. Kd4 Kb3 64. Ke5 Kc3 65. Kf6 b3 66.
Kg7 Bd3 67. Kf6 b2 68. Ke5 b1=Q 69. Kf6 Qf1+ 70. Kg7 Qg2+ 71. Kf6 Qg6+ 72. Ke5
Qxh6 73. Kd5 Be4+ 74. Kxe4 Qd6 75. Kf5 Qe7 76. Kf4 Kd4 77. Kf3 Qe3+ 78. Kg2 Qf4
79. Kg1 Ke3 80. Kg2 Ke2 81. Kg1 Qf2+ 82. Kh1 Qf5 83. Kg2 Qg5+ 84. Kh3 Kf3 85.
Kh2 Qg2# 0-1

[Event "Junior Online 4NCL Division 5"]
[Site "online"]
[Date "2020.06.04"]
[Round "8.102"]
[White "Omoruyi, Jaden"]
[Black "Conway, Tom"]
[Result "0-1"]
[WhiteElo "1217"]
[BlackElo "747"]
[PlyCount "102"]
[EventDate "2020.06.04"]
[WhiteTeam "Brentwood 2"]
[BlackTeam "Gonzaga College SJ D"]

1. d4 Nf6 2. c4 d5 3. Nc3 c6 4. Bf4 e6 5. c5 b6 6. b4 Be7 7. Nf3 O-O 8. e3 a5
9. a3 bxc5 10. bxc5 Nbd7 11. Rb1 Ba6 12. Bxa6 Rxa6 13. Qd3 Ra8 14. O-O Nh5 15.
Bg3 Nxg3 16. hxg3 Rb8 17. Rxb8 Qxb8 18. Rb1 Qc7 19. Qa6 Nb8 20. Qe2 f6 21. Qb2
Na6 22. Qb7 Rb8 23. Qxc7 Rxb1+ 24. Nxb1 Nxc7 25. Nc3 e5 26. dxe5 Bxc5 27. exf6
gxf6 28. a4 Kf7 29. e4 Ke6 30. exd5+ Nxd5 31. Nxd5 cxd5 32. Nd2 d4 33. Nb3 Bb6
34. Kf1 Kd5 35. Ke2 Kc4 36. Nd2+ Kb4 37. Kd3 Kxa4 38. Kc2 Kb4 39. Nb3 a4 40.
Nc1 a3 41. Na2+ Kc4 42. Kd2 d3 43. f4 Ba5+ 44. Kd1 d2 45. Kc2 Kb5 46. g4 Kc5
47. g5 fxg5 48. fxg5 Kd6 49. Kd1 Ke5 50. g4 Kf4 51. Ke2 Kxg4 0-1

[Event "Junior Online 4NCL Division 5"]
[Site "online"]
[Date "2020.06.04"]
[Round "8.103"]
[White "Carton, John"]
[Black "Cheema, Dilsher"]
[Result "1-0"]
[WhiteElo "716"]
[BlackElo "917"]
[PlyCount "35"]
[EventDate "2020.06.04"]
[WhiteTeam "Gonzaga College SJ D"]
[BlackTeam "Brentwood 2"]

1. e4 e5 2. Nf3 Nc6 3. Bb5 Nf6 4. Nc3 Bb4 5. d3 d5 6. Bxc6+ bxc6 7. Nxe5 dxe4
8. Nxc6 Qd7 9. Nxb4 exd3 10. Nxd3 Ba6 11. O-O Bxd3 12. Qxd3 Qxd3 13. cxd3 Nd5
14. Nxd5 c6 15. Nc7+ Kd8 16. Nxa8 Ke7 17. Nc7 Kd7 18. Na6 1-0

[Event "Junior Online 4NCL Division 5"]
[Site "online"]
[Date "2020.06.04"]
[Round "8.104"]
[White "Measday, Austin"]
[Black "Shelley, Bill"]
[Result "0-1"]
[WhiteElo "925"]
[BlackElo "392"]
[PlyCount "26"]
[EventDate "2020.06.04"]
[WhiteTeam "Brentwood 2"]
[BlackTeam "Gonzaga College SJ D"]

1. e4 e5 2. Bc4 Bc5 3. Qh5 Qf6 4. d3 d6 5. Bg5 Qg6 6. Qd1 Qxg5 7. g3 Nf6 8. h4
Qg6 9. Nf3 Bg4 10. Qd2 Bxf3 11. O-O Qg4 12. Qg5 Qh3 13. Nd2 Qh1# 0-1

[Event "Junior Online 4NCL Division 5"]
[Site "online"]
[Date "2020.06.04"]
[Round "8.105"]
[White "Antonopoulos, Chris"]
[Black "Flinn, David"]
[Result "1-0"]
[WhiteElo "1307"]
[BlackElo "762"]
[PlyCount "77"]
[EventDate "2020.06.04"]
[WhiteTeam "Brentwood 2"]
[BlackTeam "Gonzaga College SJ D"]

1. e4 e5 2. Nf3 Nc6 3. Bc4 Bc5 4. O-O Nf6 5. d3 O-O 6. Bg5 d6 7. h3 Be6 8. Nc3
Nd4 9. a3 c6 10. b4 Bb6 11. a4 a6 12. a5 Ba7 13. Bh4 d5 14. exd5 cxd5 15. Ba2
Nxf3+ 16. Qxf3 d4 17. Ne4 Bxa2 18. Rxa2 Qe7 19. Nxf6+ gxf6 20. Bxf6 Qxf6 21.
Qxf6 Rfe8 22. Re1 Re6 23. Qg5+ Kf8 24. Rxe5 Rxe5 25. Qxe5 Re8 26. Qh8+ Ke7 27.
Qxh7 Bb8 28. Qe4+ Kd8 29. Qxd4+ Kc8 30. g3 Rd8 31. Qc5+ Bc7 32. b5 axb5 33. a6
bxa6 34. Rxa6 Kd7 35. Qxb5+ Ke7 36. Qg5+ Ke8 37. Ra7 Bd6 38. Qg8+ Bf8 39. Qxf7#
1-0

[Event "Junior Online 4NCL Division 5"]
[Site "online"]
[Date "2020.06.04"]
[Round "8.106"]
[White "Conway, Tom"]
[Black "Omoruyi, Jaden"]
[Result "1-0"]
[WhiteElo "747"]
[BlackElo "1217"]
[PlyCount "75"]
[EventDate "2020.06.04"]
[WhiteTeam "Gonzaga College SJ D"]
[BlackTeam "Brentwood 2"]

1. d4 Nf6 2. Bf4 c5 3. c3 Nc6 4. e3 g6 5. Nf3 Bg7 6. Bd3 Nd5 7. Bg3 d6 8. Nbd2
e5 9. Bc4 Nde7 10. Qc2 d5 11. Be2 e4 12. Ng1 O-O 13. f3 Bf5 14. Qb3 b6 15.
O-O-O Re8 16. fxe4 dxe4 17. Bc4 Be6 18. Bxe6 fxe6 19. Qxe6+ Kh8 20. Qxe4 Nf5
21. Qxc6 Nxe3 22. Re1 Nxg2 23. Rxe8+ Qxe8 24. Qxe8+ Rxe8 25. Ngf3 cxd4 26. cxd4
Bh6 27. Kc2 Re2 28. Kd3 Re3+ 29. Kc4 Re2 30. Nb3 Rxb2 31. d5 Ne3+ 32. Kc3 Rxa2
33. d6 Nf5 34. d7 Bg7+ 35. Be5 Bxe5+ 36. Nxe5 Kg7 37. d8=Q Ra3 38. Qd7+ 1-0

[Event "Junior Online 4NCL Division 5"]
[Site "online"]
[Date "2020.06.04"]
[Round "8.107"]
[White "Cheema, Dilsher"]
[Black "Carton, John"]
[Result "1/2-1/2"]
[WhiteElo "917"]
[BlackElo "716"]
[PlyCount "199"]
[EventDate "2020.06.04"]
[WhiteTeam "Brentwood 2"]
[BlackTeam "Gonzaga College SJ D"]

1. e4 e5 2. Nf3 Nc6 3. c3 Nf6 4. d4 d6 5. Bd3 Bg4 6. d5 Ne7 7. Nbd2 g6 8. h3
Bxf3 9. Nxf3 Bg7 10. O-O O-O 11. Bg5 c6 12. Bxf6 Bxf6 13. dxc6 bxc6 14. Qd2 Bg7
15. Rae1 Re8 16. Qc2 d5 17. exd5 Nxd5 18. Bc4 Rb8 19. Bxd5 Qxd5 20. c4 Qa5 21.
a3 Qc5 22. Re4 f5 23. Re3 e4 24. Nd2 Rxb2 25. Qc1 Rbb8 26. Rfe1 Bh6 27. R3e2
Red8 28. Rd1 Bxd2 29. Rdxd2 Rxd2 30. Rxd2 a6 31. Kh1 Qa5 32. Kg1 Rb3 33. Qd1
Rb8 34. Qe1 Qxa3 35. Qd1 Qc3 36. Rd8+ Rxd8 37. Qxd8+ Kg7 38. Qe7+ Kh6 39. Qh4+
Kg7 40. Qe7+ Kg8 41. Qe6+ Kg7 42. Qxc6 Qe1+ 43. Kh2 Qxf2 44. Qd7+ Kh6 45. Qd1
Qf4+ 46. Kh1 e3 47. Qe2 Qd4 48. Qe1 Qxc4 49. Qxe3+ Kg7 50. Qe7+ Qf7 51. Qe2 Qb7
52. Qc2 Qb6 53. Qc3+ Qf6 54. Qb3 Qe6 55. Qb7+ Kh6 56. Qf3 Qe1+ 57. Kh2 Qe5+ 58.
Kg1 a5 59. Kf2 Qd4+ 60. Kg3 a4 61. h4 Qd6+ 62. Kf2 a3 63. Qe2 Qc5+ 64. Ke1 Qc1+
65. Kf2 Qc3 66. g3 Qc5+ 67. Kg2 Qd5+ 68. Kf1 a2 69. Qe3+ Kg7 70. Qe7+ Kh6 71.
Qg5+ Kg7 72. Qe7+ Qf7 73. Qe5+ Qf6 74. Qc7+ Kh6 75. Qf4+ Kg7 76. Qc7+ Qf7 77.
Qe5+ Kf8 78. Qh8+ Qg8 79. Qf6+ Qf7 80. Qd6+ Qe7 81. Qb8+ Kf7 82. Qb3+ Qe6 83.
Qb7+ Qe7 84. Qb3+ Qe6 85. Qb7+ Kg8 86. Qa8+ Kg7 87. Qb7+ Kh6 88. Qb2 Qc4+ 89.
Ke1 Qe4+ 90. Kf2 Qe6 91. Qc1+ Kg7 92. Qc7+ Qf7 93. Qe5+ Qf6 94. Qc7+ Qf7 95.
Qe5+ Qf6 96. Qc7+ Kg8 97. Qc4+ Qf7 98. Qc8+ Kg7 99. Qc3+ Qf6 100. Qc7+ 1/2-1/2

[Event "Junior Online 4NCL Division 5"]
[Site "online"]
[Date "2020.06.04"]
[Round "8.108"]
[White "Shelley, Bill"]
[Black "Measday, Austin"]
[Result "1-0"]
[WhiteElo "392"]
[BlackElo "925"]
[PlyCount "89"]
[EventDate "2020.06.04"]
[WhiteTeam "Gonzaga College SJ D"]
[BlackTeam "Brentwood 2"]

1. e4 e5 2. Nf3 Nc6 3. Bc4 Bc5 4. O-O b5 5. Bxb5 Nce7 6. d4 Bb6 7. dxe5 a6 8.
Bc4 Bb7 9. Qd2 Bxe4 10. Qf4 d6 11. Qxf7+ Kd7 12. Qxg7 Nh6 13. Qxh6 Nf5 14. Qh3
Qb8 15. Nh4 Qb7 16. Nxf5 Bxf5 17. Qxf5+ Kc6 18. exd6 cxd6 19. Qd5+ Kc7 20. Qf7+
Kc6 21. Qf4 Kc5 22. Be3+ Kc6 23. Qe4+ Kc7 24. Bxb6+ Kxb6 25. Qd4+ Ka5 26. Nc3
Rhg8 27. g3 h5 28. h4 Raf8 29. Bxg8 Rxg8 30. Qa4+ Kb6 31. Rfd1 Kc5 32. Qd4+ Kc6
33. Qd5+ Kc7 34. Qxg8 Qc8 35. Qxc8+ Kxc8 36. Re1 Kd7 37. Rad1 d5 38. Rxd5+ Kc6
39. Re6+ Kb7 40. Rd7+ Kc8 41. Red6 a5 42. Ne4 a4 43. Nc5 a3 44. Rh6 axb2 45.
Rh8# 1-0

[Event "Junior Online 4NCL Division 5"]
[Site "online"]
[Date "2020.06.04"]
[Round "8.111"]
[White "Weedon, Oscar"]
[Black "Cepoi, Gesneria"]
[Result "1-0"]
[WhiteElo "1352"]
[BlackElo "1075"]
[PlyCount "112"]
[EventDate "2020.06.04"]
[WhiteTeam "Wey 2"]
[BlackTeam "Uxbridge Juniors Girls"]

1. d3 d5 2. e4 e6 3. exd5 exd5 4. Nf3 Bb4+ 5. Bd2 Qe7+ 6. Be2 Bc5 7. b4 Bxb4 8.
c3 Bc5 9. d4 Bd6 10. O-O c5 11. Qc2 Nf6 12. Re1 O-O 13. Bc1 Nc6 14. Ba3 b6 15.
Bb5 Qd7 16. dxc5 bxc5 17. Bxc5 Bxc5 18. Ne5 Qc7 19. Nxc6 Bb7 20. Nd4 Qb6 21. a4
h6 22. Nd2 a6 23. Bd3 Bxd4 24. cxd4 Qxd4 25. Nf3 Qf4 26. Rab1 Rab8 27. Qe2 Qd6
28. Qb2 Qc6 29. Nd4 Qd7 30. Bf5 Qxa4 31. Ra1 Qc4 32. Rec1 Qxc1+ 33. Rxc1 Rfe8
34. h3 g6 35. Bd7 Nxd7 36. Rc7 Re1+ 37. Kh2 Ne5 38. Rxb7 Rxb7 39. Qxb7 Ra1 40.
Qxd5 Nd3 41. Nb3 Rd1 42. Qf3 Nb2 43. Qa8+ Kg7 44. Qxa6 h5 45. Qa5 Rd3 46. Qe5+
f6 47. Qxb2 Rd6 48. Kg3 Rd3+ 49. f3 Rd5 50. Kf2 g5 51. Nd4 Kg6 52. g4 hxg4 53.
hxg4 Kh6 54. Nf5+ Kg6 55. Qb7 Rd2+ 56. Ke3 Rd7 1-0